Longest U.S. State Borders - Statistics

General Stats
  • This quiz has been taken 40,136 times
    39,310 since last reset
  • The average score is 13 of 17
Answer Stats
States % Correct
Texas
99%
California
98%
Nevada
94%
New Mexico
92%
Arizona
89%
Montana
89%
Oklahoma
88%
Idaho
85%
Kansas
83%
Washington
76%
Oregon
74%
Nebraska
67%
South Dakota
66%
Mississippi
48%
Louisiana
45%
Virginia
42%
West Virginia
37%
No matching quizzes found
Score Distribution
Percent of People with Each Score
Percentile by Number Answered
Your Score History
You have not taken this quiz since the last reset